Ancient peloponnese states - Map Quiz - Statistics

General Stats
  • This quiz has been taken 29 times
  • The average score is 4 of 8
Answers on the Map
Answers color-coded by a green-red scale on the quiz's map according to % correct below.
 
Answer Stats
Answer % Correct
Corinthia
73%
Laconia
73%
Argolis
67%
Achaea
53%
Messina
40%
Arcadia
33%
Elis
27%
Cynuria
20%
No matching quizzes found
Score Distribution
Percent of People with Each Score
Percentile by Number Answered
Your Score History
You have not taken this quiz